[Event "Chigorin Memorial 2019"]
[Site "Saint Petersburg"]
[Date "2019.10.08"]
[Round "4.10"]
[White "Korchmar, Vasiliy"]
[Black "Burmakin, Vladimir"]
[Result "1/2-1/2"]
[WhiteElo "2432"]
[BlackElo "2507"]
[Annotator "TA"]
[PlyCount "81"]
[EventDate "2019.10.05"]
[EventType "swiss"]
[EventCountry "RUS"]
[SourceTitle "playchess.com"]
[Source "ChessBase"]
[SourceQuality "1"]

{[%evp 16,81,17,0,34,27,31,31,28,34,43,36,44,31,33,30,24,22,32,23,35,0,0,-10,14,12,16,5,3,6,16,8,10,-38,-44,-49,0,-2,-5,-3,26,25,100,13,17,18,20,0,0,0,0,0,0,0,2,-38,2,2,2,2,2,2,2,2,2,0,0,0]} 1. d4 Nf6 2. c4 c6 3. Nf3 d5 4. Nc3 a6 5. c5 Nbd7 6. Bf4 Nh5 7. Bd2 Nhf6 8. Bf4 Nh5 9. Bd2 Nhf6 {D15: Slav Defence: 4 Nc3 a6 and gambit lines after 4 Nc3 dxc4} 10. Rc1 g6 11. g3 Bg7 {White is slightly better.} 12. Bg2 O-O 13. O-O Ne8 {[#]} 14. e4 $146 ({Predecessor:} 14. Na4 a5 15. Qc2 Nc7 16. e4 dxe4 17. Qxe4 {1-0 (51) Tomashevsky,E (2713)-Volkov,S (2645) St Petersburg 2017}) 14... dxe4 15. Nxe4 Ndf6 16. Nc3 Nc7 17. Re1 Bg4 18. h3 Bxf3 19. Bxf3 Qd7 20. Bg2 Rfe8 21. Qb3 Nfd5 22. Qc4 Rad8 23. Rcd1 Nb5 24. Bc1 Ndc7 $1 25. Ne2 Nxd4 26. Nxd4 Bxd4 27. Qb4 e5 28. Qxb7 Re6 (28... Qe7 $11) 29. Bg5 ({White should play} 29. Be3 $16) 29... Nd5 $1 $11 30. Qb3 Rde8 31. Be3 Bxe3 32. Rxe3 {[%cal Rg2d5]} e4 33. Re2 Qe7 34. Qc4 a5 35. Rde1 {[%cal Re2e4]} Nf6 36. a3 {The position is equal.} h5 37. Re3 Re5 38. b4 axb4 39. axb4 Re6 40. Kh1 Kh7 41. Kg1 {Accuracy: White = 53%, Black = 65%.} 1/2-1/2

[Event "Chigorin Memorial 2019"]
[Site "Saint Petersburg"]
[Date "2019.10.08"]
[Round "4.10"]
[White "Korchmar, Vasiliy"]
[Black "Burmakin, Vladimir"]
[Result "*"]
[WhiteElo "2432"]
[BlackElo "2507"]
[Annotator "TA"]
[PlyCount "33"]
[EventDate "2019.10.05"]
[EventType "swiss"]
[EventCountry "RUS"]
[SourceTitle "playchess.com"]
[Source "ChessBase"]
[SourceQuality "1"]

{[%evp 16,26,18,0,39,27,27,33,32,30,27,16,43]} 1. d4 Nf6 2. c4 c6 3. Nf3 d5 4. Nc3 a6 5. c5 Nbd7 6. Bf4 Nh5 7. Bd2 Nhf6 8. Bf4 Nh5 9. Bd2 Nhf6 {D15: Slav Defence: 4 Nc3 a6 and gambit lines after 4 Nc3 dxc4} 10. Rc1 g6 11. g3 Bg7 12. Bg2 O-O 13. O-O Ne8 {[#]} {Predecessor:} 14. Na4 $146 a5 15. Qc2 Nc7 16. e4 dxe4 17. Qxe4 {1-0 (51) Tomashevsky,E (2713)-Volkov,S (2645) St Petersburg 2017} *